000 00592nam a2200241Ia 4500
003 OSt
005 20221005131829.0
006 a|||||r|||| 00| 0
007 ta
008 221004b |||||||| |||| 00| 0 tam d
024 _a47020
037 _cTextual
040 _aCRL
_cCRL
_btam
041 _2tam
_atam
082 _aDelta2y7N26, 31L7
100 _aGanapathi Au.
_9636067
245 0 _aSwami
260 _c1977
300 _a1008p.
_ccm.
650 _aSPIRITUALISM
942 _hDelta2y7N26, 31L7
_cTEXL
_2cc
999 _c1061550
_d1061550